Historia de las Islas Canarias: de la prehistoria al descubrimiento

محفوظ في:
التفاصيل البيبلوغرافية
المؤلف الرئيسي: Castro Alfin, Demetrio (مؤلف)
التنسيق: كتاب
اللغة:الإسبانية
منشور في: Madrid, España Editora Nacional 1983
الموضوعات:
الوسوم: إضافة وسم
لا توجد وسوم, كن أول من يضع وسما على هذه التسجيلة!

MARC

LEADER 00000nam a2200000 a 4500
001 UCX0421
003 CL-VaPUC
005 20200427120722.0
008 891017e19830000SP |||||||||||||||||spa|d
999 |c 222026  |d 222024 
040 |c Pontificia Universidad Católica de Valparaíso 
082 0 4 |a 964.9 CAS 1983  |2 21 
100 0 |a Castro Alfin, Demetrio  |e author  |9 315834 
245 1 0 |a Historia de las Islas Canarias:  |b  de la prehistoria al descubrimiento 
260 |a Madrid, España  |b Editora Nacional  |c 1983 
300 |a 259 páginas 
583 |a last modification  |c 19891017 00:00:00  |k Rodrigo Vera 
650 7 |a ISLAS CANARIAS  |2 CL-VaPUC  |9 315835  |z ESPAÑA 
650 7 |a HISTORIA DE ESPAÑA  |z ISLAS CANARIAS  |9 856310 
852 |a BIBCUR 
942 |c BK  |2 ddc 
945 |d 19891017 00:00:00 
952 |0 0  |1 0  |2 ddc  |4 0  |6 964_900000000000000_CAS_1983  |7 0  |8 A  |9 216187  |a BIBHIS  |b BIBHIS  |d 2019-11-15  |i 2847892  |o 964.9 CAS 1983  |p 2847892  |r 2025-01-20  |t 1  |w 2019-11-15  |y BK  |k HIS